Kaupunkivisat - Haapajärvi - Statistics

Yleistilastot
  • Tätä visaa on pelattu 23 kertaa
  • Keskiarvotulos 11 / 19
Vastaustilastot
% Oikein
Naapurikunnat: {Haapavesi}
94%
Mihin maakuntaan Haapajärvi kuuluu? {Pohjois-Pohjanmaan}
94%
kunta {Kärsämäki}
88%
Montako kertaa suviseurat on järjestetty Haapajärvellä? {Neljä}
88%
kunta {Nivala}
88%
kunta {Reisjärvi}
88%
kunta {Pyhäjärvi}
82%
Suomen yksi kaikkien aikojen menestyneimmistä hiihtäjistä on kotoisin Haapajärveltä ja hänelle on pystytetty kaupungin keskustaan patsas. Kuka hiihtäjä on kyseessä? {Mika Myllylä}
65%
kunta {Sievi}
65%
Kenen presidentin lapsuudenkoti sijaitsee Haapajärvellä? Kaarlo Juho Ståhlbergin
59%
Nimeä yksi Haapajärven kylä: OIKEIN!!
59%
kunta {Pihtipudas}
59%
ruoka {lihakeitto}
29%
Vaakunassa on siivillä varustettu {nuoli}
29%
Vuonna 2022 asukkaita oli {6800}
24%
Kaupungin tunnus on Kalajoen ylittävä {lemmen}silta
24%
ruoka {marjasoppa}
24%
Haapajärven pitäjäruokia ovat: {hapanleipä}
18%
ruoka {ohrapuuro}
12%
Ehtoja vastaavia visoja ei löytynyt
Tulosjakauma
Jokaisen tuloksen saaneiden osuus
Persentiili vastausten määrän mukaan
Tuloshistoriasi
Et ole pelannut tätä visaa